Logos de la Serie A - Mort Subite - Statistiques

Statistiques générales
  • Ce quiz a été pris 958 fois
    287 depuis la dernière actualisation
  • Le résultat moyen est 8 sur 20
Answers on the Grid
Answers color-coded by a green-red scale on the quiz's grid according to % correct below.
 
Statistiques - réponses
Réponse % Correct
60%
59%
58%
55%
53%
52%
52%
46%
44%
42%
40%
40%
39%
37%
31%
29%
26%
24%
23%
19%
Aucun quiz correspondant
Distribution des résultats
% des personnes avec chaque résultat
Percentile par nombre de réponses
Votre historique - résultats
Vous n’avez pas pris ce quiz depuis la dernière actualisation